000 00387nam a2200121Ia 4500
008 240731s9999 xx 000 0 und d
022 _a1469-848X
245 0 _aInternational Journal of Logistics Research and Applications : A Leading Journal of Supply Chain Management
260 _bTaylor & Francis
856 _uhttps://www.tandfonline.com/loi/cjol20
942 _2ddc
942 _cTFEJ
999 _c77161
_d77161
945 _a1
_bMadushi Gamage
_c1
_dMadushi Gamage